[Event "Barcelona Sants op 21st"]
[Site "Barcelona"]
[Date "2019.08.28"]
[Round "6"]
[White "Rios Torondell, Jaume"]
[Black "Romero Moreno, Felix"]
[Result "0-1"]
[WhiteElo "1891"]
[BlackElo "1914"]
[PlyCount "104"]
[EventDate "2019.08.23"]
[EventType "swiss"]
[EventRounds "10"]
[EventCountry "ESP"]
[SourceTitle "EXT 2020"]
[Source "ChessBase"]
[SourceDate "2019.10.17"]
[SourceVersion "1"]
[SourceVersionDate "2019.10.17"]
[SourceQuality "1"]

1. e4 c6 2. Ne2 d5 3. e5 Bf5 4. Ng3 Bg6 5. h4 h5 6. Be2 e6 7. Nxh5 Bxh5 8. Bxh5 g6 9. Bf3 Rxh4 10. g3 Rxh1+ 11. Bxh1 Nd7 12. d4 Ne7 13. Nd2 Nf5 14. Nf3 c5 15. c3 Be7 16. Bg2 Qb6 17. Bh3 0-0-0 18. Bxf5 gxf5 19. Qb3 Qa6 20. Qc2 Rh8 21. Qe2 Rh1+ 22. Kd2 Qa5 23. dxc5 Nxc5 24. Nd4 Ne4+ 25. Kc2 a6 26. f3 Nxg3 27. Qg2 Bh4 28. Ne2 Re1 29. Nxg3 Qb5 30. Kd2 Bxg3 31. a4 Qf1 32. Qxf1 Rxf1 33. b3 Rxf3 34. Ba3 Bxe5 35. Bb4 Rh3 36. Rg1 Bg3 37. c4 dxc4 38. bxc4 Bf4+ 39. Kc2 Bg3 40. Rd1 Rh2+ 41. Kb3 Bc7 42. c5 f4 43. Rg1 Rh3+ 44. Kc4 Rg3 45. Rh1 Be5 46. Rh7 Bg7 47. c6 bxc6 48. Bd6 Rg4 49. Kc5 Kd7 50. Bb8 f3 51. Be5 f2 52. Rxg7 Rxg7 0-1

[Event "Barcelona Sants op 21st"]
[Site "Barcelona"]
[Date "2019.08.26"]
[Round "4"]
[White "Rios Torondell, Jaume"]
[Black "Carmona Huertas, Juan Antonio"]
[Result "1-0"]
[WhiteElo "1891"]
[BlackElo "1930"]
[PlyCount "133"]
[EventDate "2019.08.23"]
[EventType "swiss"]
[EventRounds "10"]
[EventCountry "ESP"]
[SourceTitle "EXT 2020"]
[Source "ChessBase"]
[SourceDate "2019.10.17"]
[SourceVersion "1"]
[SourceVersionDate "2019.10.17"]
[SourceQuality "1"]

1. g4 d5 2. Bg2 c6 3. h3 e5 4. c4 d4 5. d3 Bd6 6. Nf3 Ne7 7. 0-0 h5 8. g5 h4 9. Nbd2 Nd7 10. Ne4 Nf8 11. e3 Ne6 12. exd4 exd4 13. Nxd6+ Qxd6 14. Re1 Ng6 15. b4 0-0 16. c5 Qc7 17. Re4 Nef4 18. Bxf4 Nxf4 19. Nxd4 Bxh3 20. Bxh3 Nxh3+ 21. Kg2 Nf4+ 22. Kh1 Rfe8 23. Qf3 Rxe4 24. Qxe4 Rd8 25. Re1 Qd7 26. Qxf4 Qh3+ 27. Kg1 Rd5 28. Re8+ Kh7 29. Re5 Rxe5 30. Qxe5 Qg4+ 31. Kh2 g6 32. f3 Qd7 33. Qd6 Qe8 34. Qf4 Kg8 35. Qe4 Qd7 36. f4 Qg4 37. Qf3 Qd7 38. Qf2 h3 39. f5 Qd5 40. fxg6 fxg6 41. Kxh3 Qxg5 42. Qf3 Qh6+ 43. Kg3 Qg5+ 44. Qg4 Qe5+ 45. Kf3 Qd5+ 46. Ke3 Qe5+ 47. Kd2 Kg7 48. Qe4 Qh2+ 49. Qe2 Qf4+ 50. Qe3 Qh2+ 51. Ne2 Qc7 52. Qd4+ Kh7 53. Qd6 Qf7 54. Qh2+ Kg7 55. Nc3 g5 56. Qe5+ Kg6 57. Ne4 Qxa2+ 58. Ke3 Qg2 59. Qf6+ Kh5 60. Qf3+ Qxf3+ 61. Kxf3 b6 62. Kg3 bxc5 63. Nxc5 g4 64. Na6 Kg5 65. Nb8 c5 66. bxc5 Kf6 67. c6 1-0

[Event "Sitges Sunway op-B 4th"]
[Site "Sitges"]
[Date "2017.12.16"]
[Round "2.1"]
[White "Rios Torondell, Jaume"]
[Black "Saheb, Kamel"]
[Result "0-1"]
[WhiteElo "1864"]
[BlackElo "1996"]
[PlyCount "108"]
[EventDate "2017.12.15"]
[EventType "swiss"]
[EventRounds "9"]
[EventCountry "ESP"]
[SourceTitle "EXT 2024"]
[Source "ChessBase"]
[SourceDate "2023.10.10"]
[SourceVersion "1"]
[SourceVersionDate "2023.10.10"]
[SourceQuality "1"]

1. e4 e5 2. Nf3 Nc6 3. Bb5 a6 4. Ba4 Nf6 5. 0-0 b5 6. Bb3 Bc5 7. Qe2 d6 8. h3 0-0 9. c3 Bb6 10. d3 Be6 11. Bxe6 fxe6 12. Be3 Rb8 13. Nbd2 Qe8 14. Rfe1 Nh5 15. g3 Ne7 16. Bxb6 Rxb6 17. c4 Rb8 18. c5 Qg6 19. Kh2 Rf6 20. cxd6 cxd6 21. Nh4 Qh6 22. f3 Nxg3 23. Kxg3 Qf4+ 24. Kg2 Qxh4 25. Rh1 Ng6 26. Qe1 Qg5+ 27. Kf1 Rbf8 28. Qf2 Nh4 29. Rg1 Qh6 30. Rg3 Qh5 31. Ke2 Ng6 32. Rag1 Nf4+ 33. Kd1 g6 34. Kc2 Rc8+ 35. Kb3 Nxd3 36. Qe3 Nf4 37. Qb6 Rff8 38. Qe3 Qh4 39. Nf1 Qd8 40. Nh2 Qa5 41. a3 Qc7 42. Ka2 Qc4+ 43. Ka1 Qe2 44. Ng4 Qxe3 45. Nxe3 Ne2 46. R1g2 Nxg3 47. Rxg3 Rc1+ 48. Ka2 a5 49. Kb3 Re1 50. Ng2 Rg1 51. h4 Rc8 52. Rg4 Rf1 53. f4 Rf3+ 54. Ka2 Rf2 0-1

[Event "Barcelona Sant Marti op-B 19th"]
[Site "Barcelona"]
[Date "2017.07.16"]
[Round "4"]
[White "Sarrate Presas, Jordi"]
[Black "Rios Torondell, Jaume"]
[Result "1/2-1/2"]
[WhiteElo "1770"]
[BlackElo "1881"]
[PlyCount "34"]
[EventDate "2017.07.13"]
[EventType "swiss"]
[EventRounds "9"]
[EventCountry "ESP"]
[SourceTitle "EXT 2018"]
[Source "ChessBase"]
[SourceDate "2017.10.13"]
[SourceVersion "1"]
[SourceVersionDate "2017.10.13"]
[SourceQuality "1"]

1. c4 d5 2. d4 dxc4 3. Na3 g6 4. Nxc4 Bg7 5. e3 Nf6 6. Be2 0-0 7. Nf3 Nbd7 8. b3 c5 9. Bb2 b6 10. Rc1 Bb7 11. 0-0 Rc8 12. Ba1 Ne4 13. Nfd2 cxd4 14. Nxe4 Bxe4 15. Bxd4 Nc5 16. Bxg7 Kxg7 17. f3 Bd3 1/2-1/2

[Event "Barcelona Sant Marti op-B 19th"]
[Site "Barcelona"]
[Date "2017.07.15"]
[Round "3"]
[White "Rios Torondell, Jaume"]
[Black "Anjali, R Sagar"]
[Result "1-0"]
[WhiteElo "1881"]
[BlackElo "1724"]
[PlyCount "77"]
[EventDate "2017.07.13"]
[EventType "swiss"]
[EventRounds "9"]
[EventCountry "ESP"]
[SourceTitle "EXT 2018"]
[Source "ChessBase"]
[SourceDate "2017.10.13"]
[SourceVersion "1"]
[SourceVersionDate "2017.10.13"]
[SourceQuality "1"]

1. g4 d5 2. Bg2 Bxg4 3. c4 e6 4. Qb3 Qc8 5. cxd5 e5 6. Nf3 Bd6 7. Nc3 Na6 8. d4 exd4 9. Nxd4 Nc5 10. Qc2 a6 11. b4 Bh3 12. Bxh3 Qxh3 13. bxc5 Bxc5 14. Be3 0-0-0 15. Qf5+ Qxf5 16. Nxf5 Bb4 17. Bd2 g6 18. Ne3 Nf6 19. Rb1 Ba5 20. Nc4 Rxd5 21. Nxd5 Bxd2+ 22. Nxd2 Nxd5 23. Rb3 Re8 24. e3 f5 25. 0-0 f4 26. e4 Nf6 27. f3 Re5 28. Nc4 Rc5 29. Nb2 Nd7 30. Nd3 Rc2 31. Rf2 Rc4 32. Nxf4 Nc5 33. Re3 Rc1+ 34. Kg2 Rd1 35. Nd5 Nd3 36. Rf1 Rd2+ 37. Kg3 c5 38. Nb6+ Kc7 39. Nc4 1-0

[Event "Badalona op-B 42nd"]
[Site "Badalona"]
[Date "2016.08.09"]
[Round "8"]
[White "Rios Torondell, Jaume"]
[Black "Ramirez Garcia, Lluis"]
[Result "1-0"]
[WhiteElo "1876"]
[BlackElo "1785"]
[PlyCount "73"]
[EventDate "2016.08.02"]
[EventType "swiss"]
[EventRounds "9"]
[EventCountry "ESP"]
[SourceTitle "CBM 174 Extra"]
[Source "ChessBase"]
[SourceDate "2016.10.10"]
[SourceVersion "1"]
[SourceVersionDate "2016.10.10"]
[SourceQuality "1"]

1. e4 e5 2. d4 exd4 3. Bc4 Bb4+ 4. c3 dxc3 5. bxc3 Bd6 6. Nf3 Qe7 7. 0-0 Be5 8. Bxf7+ Kxf7 9. Qd5+ Ke8 10. Qxe5 Qxe5 11. Nxe5 d6 12. Nd3 Ne7 13. Bg5 Nbc6 14. Nd2 Kf7 15. Rab1 Re8 16. Rb2 Ng6 17. Nb4 Nxb4 18. cxb4 Bd7 19. Rc1 Rac8 20. Rbc2 c6 21. Be3 Be6 22. f4 Bd5 23. exd5 Rxe3 24. Nc4 Rce8 25. Nxd6+ Kf8 26. Nxe8 Kxe8 27. dxc6 bxc6 28. Kf2 Rd3 29. g3 Rd4 30. a3 Rd3 31. Re1+ Kd7 32. Re3 Rd1 33. Ke2 Rh1 34. Kf3 a6 35. Rd2+ Kc7 36. f5 Rf1+ 37. Rf2 1-0

[Event "Badalona op-B 42nd"]
[Site "Badalona"]
[Date "2016.08.04"]
[Round "3"]
[White "Alshourfaa, Hazaa"]
[Black "Rios Torondell, Jaume"]
[Result "1/2-1/2"]
[WhiteElo "1796"]
[BlackElo "1876"]
[PlyCount "69"]
[EventDate "2016.08.02"]
[EventType "swiss"]
[EventRounds "9"]
[EventCountry "ESP"]
[SourceTitle "CBM 174 Extra"]
[Source "ChessBase"]
[SourceDate "2016.10.10"]
[SourceVersion "1"]
[SourceVersionDate "2016.10.10"]
[SourceQuality "1"]

1. d4 Nf6 2. Nf3 e6 3. Bg5 d5 4. e3 c5 5. c3 Qb6 6. Qb3 Qxb3 7. axb3 Ne4 8. Bf4 Nc6 9. Bd3 Be7 10. Nbd2 f5 11. h3 Bd7 12. Ne5 Nxd2 13. Kxd2 Nxe5 14. Bxe5 0-0 15. f4 a6 16. g4 Rac8 17. Rag1 Rf7 18. Rg2 c4 19. Bc2 Bf6 20. Bxf6 Rxf6 21. g5 Rff8 22. b4 Rc7 23. Ra1 Bc6 24. Rf2 Bd7 25. Ra3 Rfc8 26. Rf1 Bb5 27. Rfa1 Bd7 28. Ba4 Bxa4 29. Rxa4 Rc6 30. R1a3 Rb6 31. Ra5 Rcc6 32. b3 cxb3 33. Rxb3 Rb5 34. Rxb5 axb5 35. Ra3 1/2-1/2

[Event "Montcada op-B 24th"]
[Site "Montcada"]
[Date "2016.06.27"]
[Round "3"]
[White "Farell Duran, Josep"]
[Black "Rios Torondell, Jaume"]
[Result "0-1"]
[WhiteElo "1543"]
[BlackElo "1902"]
[PlyCount "62"]
[EventDate "2016.06.25"]
[EventType "swiss"]
[EventRounds "9"]
[EventCountry "ESP"]
[SourceTitle "EXT 2017"]
[Source "ChessBase"]
[SourceDate "2016.10.25"]
[SourceVersion "1"]
[SourceVersionDate "2016.10.25"]
[SourceQuality "1"]

1. Nf3 c5 2. c4 g6 3. g3 Bg7 4. Bg2 Nc6 5. 0-0 e6 6. Nc3 Nge7 7. Rb1 d5 8. cxd5 exd5 9. d3 0-0 10. Bg5 Be6 11. a3 Qd7 12. Bxe7 Qxe7 13. Qd2 h6 14. Rfc1 Rad8 15. Nh4 Nd4 16. b3 b6 17. e3 Nxb3 18. Rxb3 d4 19. Nd5 Bxd5 20. Bxd5 Rxd5 21. e4 Rh5 22. Nf3 f5 23. Re1 fxe4 24. Rxe4 Qf7 25. Rf4 Qxb3 26. Rxf8+ Bxf8 27. g4 Rh3 28. Kg2 Qd5 29. Kxh3 Qxf3+ 30. Kh4 Be7+ 31. g5 hxg5+ 0-1

[Event "Montcada op-B 24th"]
[Site "Montcada"]
[Date "2016.06.26"]
[Round "2"]
[White "Rios Torondell, Jaume"]
[Black "Garcia Escoda, Marc"]
[Result "0-1"]
[WhiteElo "1902"]
[BlackElo "1686"]
[PlyCount "94"]
[EventDate "2016.06.25"]
[EventType "swiss"]
[EventRounds "9"]
[EventCountry "ESP"]
[SourceTitle "EXT 2017"]
[Source "ChessBase"]
[SourceDate "2016.10.25"]
[SourceVersion "1"]
[SourceVersionDate "2016.10.25"]
[SourceQuality "1"]

1. e4 c6 2. Nc3 d5 3. Nf3 Bg4 4. h3 Bxf3 5. Qxf3 e6 6. e5 Nd7 7. d4 Qb6 8. Qf4 Ne7 9. Bd3 Ng6 10. Bxg6 hxg6 11. 0-0 Be7 12. Ne2 c5 13. c3 Rc8 14. dxc5 Nxc5 15. b4 Nd3 16. Qg3 Nxc1 17. Raxc1 Rc4 18. Nd4 0-0 19. a3 Rfc8 20. Kh1 a5 21. bxa5 Qxa5 22. Ne2 Qxa3 23. Rb1 Qa6 24. Qe3 Ra4 25. Qb6 Qxb6 26. Rxb6 Re4 27. Rxb7 Rxe2 28. Rxe7 Rxe5 29. f4 Re3 30. f5 Kf8 31. Ra7 gxf5 32. Rb1 Kg8 33. Rbb7 Rf8 34. Rc7 g5 35. c4 dxc4 36. Rxc4 e5 37. Re7 Kg7 38. Rc5 Kf6 39. Ra7 f4 40. Rc6+ Kf5 41. Raa6 Re1+ 42. Kh2 f6 43. Rc5 g4 44. hxg4+ Kxg4 45. g3 Rh8+ 46. Kg2 f3+ 47. Kf2 Re2+ 0-1

[Event "Benidorm op U2000 14th"]
[Site "Benidorm"]
[Date "2015.11.30"]
[Round "3"]
[White "Rionda Medio, Angel Arturo"]
[Black "Rios Torondell, Jaume"]
[Result "0-1"]
[WhiteElo "1972"]
[BlackElo "1861"]
[PlyCount "43"]
[EventDate "2015.11.28"]
[EventType "swiss"]
[EventRounds "10"]
[EventCountry "ESP"]
[SourceTitle "CBM 169 Extra"]
[Source "ChessBase"]
[SourceDate "2015.12.18"]
[SourceVersion "1"]
[SourceVersionDate "2015.12.18"]
[SourceQuality "1"]

1. d4 e6 2. c4 Nf6 3. Nc3 c5 4. d5 exd5 5. cxd5 d6 6. e4 g6 7. f4 Bg7 8. e5 dxe5 9. fxe5 Qe7 10. Qe2 Nfd7 11. e6 fxe6 12. dxe6 Nb6 13. Be3 0-0 14. 0-0-0 Bxe6 15. Bxc5 Bh6+ 16. Be3 Bc4 17. Bxh6 Bxe2 18. Bxe2 Rc8 19. Bf3 Nc6 20. Nh3 Ne5 21. Bg5 Qb4 22. Bf6 0-1

[Event "Barcelona Tardor op 2nd"]
[Site "Barcelona"]
[Date "2014.10.27"]
[Round "4"]
[White "Gaona Gonzalez, Gerard"]
[Black "Rios Torondell, Jaume"]
[Result "1-0"]
[WhiteElo "2072"]
[BlackElo "2109"]
[PlyCount "89"]
[EventDate "2014.10.06"]
[EventType "swiss"]
[EventRounds "8"]
[EventCountry "ESP"]
[SourceTitle "EXT 2016"]
[Source "ChessBase"]
[SourceDate "2015.10.08"]
[SourceVersion "1"]
[SourceVersionDate "2015.10.08"]
[SourceQuality "1"]

1. Nf3 d5 2. d3 c5 3. Nbd2 Nf6 4. g3 Nc6 5. Bg2 Bg4 6. h3 Bf5 7. 0-0 h5 8. Nh4 Qd7 9. Nxf5 Qxf5 10. e4 Qd7 11. f4 dxe4 12. dxe4 Qd4+ 13. Kh1 Ng4 14. Qf3 Qe3 15. Nb3 Qxf3 16. Bxf3 e5 17. Kg2 Nf6 18. c3 0-0-0 19. Be3 b6 20. Rad1 Be7 21. a4 Rd6 22. Rxd6 Bxd6 23. Nd2 Na5 24. Be2 h4 25. fxe5 Bxe5 26. g4 Rf8 27. Bg5 Rd8 28. Ba6+ Kb8 29. Nf3 Nc6 30. Bb5 Rd6 31. Bxc6 Rxc6 32. Nxe5 Re6 33. Bxf6 gxf6 34. Nd7+ Kb7 35. Nxf6 Ka6 36. g5 b5 37. axb5+ Kxb5 38. b3 a5 39. Rf5 a4 40. bxa4+ Kc4 41. Kf3 Kxc3 42. Rxc5+ Kb4 43. Rc7 Kxa4 44. Rxf7 Rb6 45. Kg4 1-0

[Event "Barcelona Tardor op 2nd"]
[Site "Barcelona"]
[Date "2014.10.20"]
[Round "3"]
[White "Rios Torondell, Jaume"]
[Black "Castells Briones, Miquel"]
[Result "0-1"]
[WhiteElo "2109"]
[BlackElo "2170"]
[PlyCount "68"]
[EventDate "2014.10.06"]
[EventType "swiss"]
[EventRounds "8"]
[EventCountry "ESP"]
[SourceTitle "EXT 2016"]
[Source "ChessBase"]
[SourceDate "2015.10.08"]
[SourceVersion "1"]
[SourceVersionDate "2015.10.08"]
[SourceQuality "1"]

1. e4 c5 2. Nf3 Nc6 3. Bb5 e6 4. Bxc6 bxc6 5. b3 d6 6. e5 d5 7. Ba3 Nh6 8. Nc3 Ba6 9. Ne2 Qc7 10. Bb2 Be7 11. d3 0-0 12. Qd2 Rab8 13. 0-0-0 Ng4 14. Nf4 Rb4 15. Nh5 Rfb8 16. h3 Nh6 17. Nf6+ Kh8 18. a3 R4b7 19. Ng5 c4 20. Nfxh7 cxd3 21. Qf4 Bxg5 22. Nxg5 dxc2 23. Rd4 Rxb3 24. Rb4 R3xb4 25. axb4 Bd3 26. g4 Qe7 27. Bc3 c5 28. b5 Rxb5 29. Kd2 Rb1 30. Rc1 c4 31. Ke1 d4 32. Ba5 Qa3 33. Bd2 c3 34. Qxd4 Qxc1+ 0-1

[Event "Barcelona Tardor op 2nd"]
[Site "Barcelona"]
[Date "2014.10.13"]
[Round "2"]
[White "Massot, Michel"]
[Black "Rios Torondell, Jaume"]
[Result "0-1"]
[WhiteElo "1800"]
[BlackElo "2109"]
[PlyCount "59"]
[EventDate "2014.10.06"]
[EventType "swiss"]
[EventRounds "8"]
[EventCountry "ESP"]
[SourceTitle "EXT 2016"]
[Source "ChessBase"]
[SourceDate "2015.10.08"]
[SourceVersion "1"]
[SourceVersionDate "2015.10.08"]
[SourceQuality "1"]

1. d4 e6 2. e4 d5 3. exd5 exd5 4. Nf3 Nc6 5. Bb5 Bd6 6. Nc3 Nge7 7. Bg5 f6 8. Bh4 Bb4 9. Bg3 a6 10. Bd3 Bg4 11. a3 Bd6 12. 0-0 Nxd4 13. Bxh7 Bxg3 14. fxg3 Nxf3+ 15. gxf3 Rxh7 16. fxg4 Qd6 17. Qd3 Rh8 18. Rfe1 0-0-0 19. Rad1 Rhe8 20. b4 Qb6+ 21. Kg2 d4 22. Ne2 Nc6 23. Nf4 Ne5 24. Qf5+ Kb8 25. Ng6 Qc6+ 26. Kf2 Nxg6 27. Qxg6 Re3 28. Qf5 g6 29. Qxg6 Rde8 30. Rxe3 0-1

[Event "Benidorm op U2000 12th"]
[Site "Benidorm"]
[Date "2013.12.05"]
[Round "8"]
[White "Rios Torondell, Jaume"]
[Black "De Esteban, Valentin"]
[Result "1/2-1/2"]
[WhiteElo "1950"]
[BlackElo "1764"]
[PlyCount "47"]
[EventDate "2013.11.29"]
[EventType "swiss"]
[EventRounds "10"]
[EventCountry "ESP"]
[SourceTitle "CBM 157 Extra"]
[Source "ChessBase"]
[SourceDate "2013.12.19"]
[SourceVersion "1"]
[SourceVersionDate "2013.12.19"]
[SourceQuality "1"]

1. e4 e5 2. d4 exd4 3. Bc4 Bc5 4. Bxf7+ Kf8 5. Qf3 Qf6 6. Bxg8 Qxf3 7. Nxf3 Kxg8 8. 0-0 Nc6 9. Bf4 d6 10. Nbd2 Be6 11. Ng5 Bd7 12. Ngf3 Kf7 13. h3 Rae8 14. a3 Rhf8 15. Nb3 Bb6 16. Bg3 Kg8 17. Nfd2 Ne5 18. f4 Ng6 19. Kh2 c5 20. f5 Ne5 21. Bxe5 dxe5 22. Nc4 Bc7 23. a4 b6 24. Nbd2 1/2-1/2

[Event "Benidorm op U2000 12th"]
[Site "Benidorm"]
[Date "2013.12.03"]
[Round "6"]
[White "Rios Torondell, Jaume"]
[Black "Amat Cerda, Andres"]
[Result "1-0"]
[WhiteElo "1950"]
[BlackElo "1783"]
[PlyCount "51"]
[EventDate "2013.11.29"]
[EventType "swiss"]
[EventRounds "10"]
[EventCountry "ESP"]
[SourceTitle "CBM 157 Extra"]
[Source "ChessBase"]
[SourceDate "2013.12.19"]
[SourceVersion "1"]
[SourceVersionDate "2013.12.19"]
[SourceQuality "1"]

1. e4 g6 2. d4 c6 3. Nf3 Bg7 4. Nc3 d5 5. Be2 dxe4 6. Nxe4 Bf5 7. Ng3 h5 8. Nxf5 Qa5+ 9. Bd2 Qxf5 10. 0-0 Nf6 11. Bd3 Qc8 12. Re1 Qc7 13. Bg5 Nbd7 14. Qe2 Bf8 15. c4 0-0-0 16. b4 e6 17. Ne5 Be7 18. Bxf6 Nxf6 19. Nxf7 Ng4 20. g3 Bxb4 21. Nxd8 Bxe1 22. Qxe6+ Kb8 23. Nxc6+ Qxc6 24. Rxe1 Qf3 25. Qe2 Qf6 26. h3 1-0

[Event "Barcelona U2000 op"]
[Site "Barcelona"]
[Date "2013.06.23"]
[Round "3.1"]
[White "Hernandez Funes, Hector"]
[Black "Rios Torondell, Jaume"]
[Result "1-0"]
[WhiteElo "1936"]
[BlackElo "1952"]
[PlyCount "51"]
[EventDate "2013.06.22"]
[EventType "swiss"]
[EventRounds "7"]
[EventCountry "ESP"]
[SourceTitle "EXT 2024"]
[Source "ChessBase"]
[SourceDate "2023.10.10"]
[SourceVersion "1"]
[SourceVersionDate "2023.10.10"]
[SourceQuality "1"]

1. e4 e6 2. d4 d5 3. Nd2 Nf6 4. e5 Nfd7 5. Bd3 c5 6. c3 Nc6 7. Ne2 Qb6 8. Nf3 cxd4 9. cxd4 f6 10. exf6 Nxf6 11. 0-0 Bd6 12. Bd2 Qxb2 13. Rb1 Qxa2 14. Nc1 Qxb1 15. Bxb1 Bd7 16. Re1 0-0 17. Bg5 Bb4 18. Re2 a5 19. Bxf6 Rxf6 20. Nd3 b5 21. Nde5 Nxe5 22. Nxe5 Be8 23. Qc2 g6 24. Qc7 a4 25. Ng4 Rf4 26. Qxf4 1-0

[Event "Alcudia Belleuve"]
[Site "Alcudia"]
[Date "2012.10.17"]
[Round "4.9"]
[White "Rios Torondell, Jaume"]
[Black "Pelegri Castello, Elias"]
[Result "1/2-1/2"]
[WhiteElo "1944"]
[BlackElo "1837"]
[PlyCount "63"]
[EventDate "2012.10.14"]
[EventType "swiss"]
[EventRounds "9"]
[EventCountry "ESP"]
[SourceTitle "EXT 2024"]
[Source "ChessBase"]
[SourceDate "2023.10.10"]
[SourceVersion "1"]
[SourceVersionDate "2023.10.10"]
[SourceQuality "1"]

1. e4 e6 2. Nf3 d5 3. Nc3 Nf6 4. e5 Nfd7 5. d4 c5 6. dxc5 Bxc5 7. Bd3 Nc6 8. Bf4 f6 9. exf6 Nxf6 10. Qe2 0-0 11. 0-0-0 Bb4 12. Bd2 Bd7 13. h4 a6 14. h5 Qa5 15. a3 Bxa3 16. Nb1 Bb4 17. c3 Bd6 18. g4 Qc7 19. g5 Ng4 20. Bc2 Rac8 21. Qd3 Rf5 22. Qe2 Rcf8 23. Be3 Nxe3 24. fxe3 Ne7 25. Nh4 Bb5 26. Qg2 Qb6 27. Rh3 Bc5 28. Qg3 Be2 29. Re1 Rf1 30. Rxf1 Bxf1 31. Rh1 Bxe3+ 32. Nd2 1/2-1/2

[Event "Alcudia Belleuve"]
[Site "Alcudia"]
[Date "2012.10.16"]
[Round "3.9"]
[White "Martinez Rubio, Felipe"]
[Black "Rios Torondell, Jaume"]
[Result "1/2-1/2"]
[WhiteElo "1815"]
[BlackElo "1944"]
[PlyCount "113"]
[EventDate "2012.10.14"]
[EventType "swiss"]
[EventRounds "9"]
[EventCountry "ESP"]
[SourceTitle "EXT 2024"]
[Source "ChessBase"]
[SourceDate "2023.10.10"]
[SourceVersion "1"]
[SourceVersionDate "2023.10.10"]
[SourceQuality "1"]

1. e4 e6 2. d4 d5 3. Nc3 Bb4 4. e5 c5 5. a3 Ba5 6. b4 cxd4 7. Qg4 Ne7 8. Qxg7 Rg8 9. Qxh7 Qc7 10. Nb5 Qxe5+ 11. Kd1 Bb6 12. Nf3 Qg7 13. Qxg7 Rxg7 14. Nbxd4 e5 15. Nb5 Nbc6 16. Nd6+ Kd7 17. Nxc8 Kxc8 18. b5 Nd8 19. Nxe5 Bd4 20. Rb1 Bxe5 21. f4 Bc3 22. g4 Ne6 23. g5 Nf5 24. Bd3 Ned4 25. Rb3 Ba5 26. Bxf5+ Nxf5 27. Rd3 d4 28. h4 Kc7 29. h5 Re8 30. h6 Rh7 31. Bd2 Bxd2 32. Kxd2 Re3 33. Rxe3 dxe3+ 34. Kd3 Kb6 35. c4 Kc5 36. Kc3 Nd6 37. Kd3 Nf5 38. Re1 Rh8 39. Ke4 Nxh6 40. gxh6 Rxh6 41. f5 Kxc4 42. a4 Rh4+ 43. Kxe3 Kd5 44. Rd1+ Ke5 45. Rd7 Rxa4 46. Rxb7 Ra3+ 47. Kd2 f6 48. b6 axb6 49. Rxb6 Kxf5 50. Rb4 Ke5 51. Ke2 f5 52. Kf2 f4 53. Rb5+ Ke4 54. Rb4+ Kf5 55. Rb8 Ra2+ 56. Kf3 Ra3+ 57. Kf2 1/2-1/2

[Event "Benidorm op U2000 07th"]
[Site "Benidorm"]
[Date "2008.12.04"]
[Round "6"]
[White "Rios Torondell, Jaume"]
[Black "Sanchez Lopez, Diego"]
[Result "0-1"]
[WhiteElo "1961"]
[BlackElo "1983"]
[PlyCount "70"]
[EventDate "2008.11.29"]
[EventType "swiss"]
[EventRounds "9"]
[EventCountry "ESP"]
[SourceTitle "CBM 127 Extra"]
[Source "ChessBase"]
[SourceDate "2009.01.08"]
[SourceVersion "2"]
[SourceVersionDate "2009.01.28"]
[SourceQuality "1"]

1. e4 e5 2. Nf3 Nc6 3. Bb5 a6 4. Ba4 b5 5. Bb3 Bc5 6. a4 Rb8 7. axb5 axb5 8. 0-0 Qf6 9. c3 Nge7 10. d4 exd4 11. Bg5 Qg6 12. Bxe7 Bxe7 13. cxd4 d6 14. Qc2 Rb6 15. Kh1 Bd8 16. Nc3 Ne7 17. Qe2 0-0 18. Nxb5 c6 19. Nxd6 Qxd6 20. Bc4 Ng6 21. Qd2 Qf4 22. Qxf4 Nxf4 23. b3 Bc7 24. Ra7 Bb8 25. Ra5 Rd8 26. d5 cxd5 27. exd5 Bb7 28. Re1 Bd6 29. Rd1 h6 30. g3 Nh3 31. Kg2 Ng5 32. Nxg5 hxg5 33. Ra2 g4 34. Rd4 Be5 35. Re4 Rxd5 0-1

[Event "Benidorm op U2000 07th"]
[Site "Benidorm"]
[Date "2008.12.02"]
[Round "4"]
[White "Rios Torondell, Jaume"]
[Black "De la Fuente Ortega, Alberto"]
[Result "1-0"]
[WhiteElo "1961"]
[BlackElo "1824"]
[PlyCount "99"]
[EventDate "2008.11.29"]
[EventType "swiss"]
[EventRounds "9"]
[EventCountry "ESP"]
[SourceTitle "CBM 127 Extra"]
[Source "ChessBase"]
[SourceDate "2009.01.08"]
[SourceVersion "2"]
[SourceVersionDate "2009.01.28"]
[SourceQuality "1"]

1. e4 c5 2. Nf3 e6 3. d4 cxd4 4. Nxd4 a6 5. c4 Nc6 6. Nxc6 dxc6 7. Qxd8+ Kxd8 8. Bf4 f6 9. Nc3 e5 10. Be3 Be6 11. Bb6+ Ke8 12. Be2 Be7 13. 0-0-0 Nh6 14. Na4 Kf7 15. Bc5 Rad8 16. Bxe7 Kxe7 17. Nc5 Bc8 18. b4 Rxd1+ 19. Rxd1 Rd8 20. Rxd8 Kxd8 21. Kd2 Kc7 22. a4 b6 23. Nd3 Nf7 24. c5 Ng5 25. cxb6+ Kxb6 26. a5+ Ka7 27. Ke3 Nf7 28. Nc5 Nd6 29. g3 Nb5 30. Bxb5 cxb5 31. f4 exf4+ 32. gxf4 Kb8 33. Kd4 Kc7 34. Kd5 g5 35. fxg5 fxg5 36. Ne6+ Bxe6+ 37. Kxe6 g4 38. Kf5 Kd6 39. Kxg4 Ke5 40. Kf3 h6 41. Ke3 h5 42. h4 Ke6 43. Kd4 Kd6 44. e5+ Ke6 45. Ke4 Ke7 46. Kd5 Kd7 47. e6+ Ke7 48. Ke5 Ke8 49. Kd6 Kd8 50. Kc6 1-0

[Event "Benidorm op U2000 07th"]
[Site "Benidorm"]
[Date "2008.12.01"]
[Round "3"]
[White "Harutyunyan, Tigran"]
[Black "Rios Torondell, Jaume"]
[Result "1/2-1/2"]
[WhiteElo "1858"]
[BlackElo "1961"]
[PlyCount "48"]
[EventDate "2008.11.29"]
[EventType "swiss"]
[EventRounds "9"]
[EventCountry "ESP"]
[SourceTitle "CBM 127 Extra"]
[Source "ChessBase"]
[SourceDate "2009.01.08"]
[SourceVersion "2"]
[SourceVersionDate "2009.01.28"]
[SourceQuality "1"]

1. d4 e6 2. c4 Nf6 3. Nc3 Bb4 4. a3 Bxc3+ 5. bxc3 c5 6. f3 d5 7. cxd5 exd5 8. e3 c4 9. Ne2 Qc7 10. Qc2 0-0 11. Nf4 Re8 12. Kf2 g5 13. Ne2 h5 14. h4 g4 15. Ng3 Kh8 16. Bd2 Rg8 17. Rg1 Nc6 18. Re1 Bd7 19. e4 gxf3 20. gxf3 dxe4 21. fxe4 Ng4+ 22. Ke2 Nh2 23. Kf2 Ng4+ 24. Ke2 Nh2 1/2-1/2